Vybrané kapitoly z didaktiky vyučovania nemeckého jazyka

Bibliographic Details
Main Authors: Pavlíková, Šarlota (Author), Marko, Ernest (Author), Slimáková, Alica (Author), Vaverková, Irena, 1925- (Author)
Format: Book
Language:Slovak
German
PhysicalDescription:120 s. 29 cm
Published: Bratislava Univerzita Komenského 1980
Edition:1. vyd.
Series:Vysokoškolské skriptá
Subjects:

MARC

LEADER 00000cam a2200000 a 4500
001 vtls001108164
003 SK-MaSNL
005 20260301062614.0
008 250313s1980 xo np 000 0 slo
015 |a SNBA1980 
035 |a SNK000051006 
035 |a urn:nbn:sk:snk-amju01 
035 |a urn:nbn:sk:snk-am0083zg 
035 |a ADCC17E2-A6C2-418F-AB08-A9E1234E5CDB 
040 |a SNK  |b slo  |c SNK  |e AACR2 
041 0 |a slo  |a ger 
044 |a xo  |c SK 
080 |a 371.3:803.0(075.8)  |2 1981 
080 |a 803.0(075.8)  |2 1981 
080 |a 803.0  |2 1981 
080 |a 371.3(075.8)  |2 1981 
100 1 |a Pavlíková, Šarlota  |4 aut  |9 276801 
245 1 0 |a Vybrané kapitoly z didaktiky vyučovania nemeckého jazyka  |c aut.: Šarlota Pavlíková a kol. 
250 |a 1. vyd. 
260 |a Bratislava  |b Univerzita Komenského  |c 1980 
300 |a 120 s.  |c 29 cm 
366 |e 450 výt. 
490 1 |a Vysokoškolské skriptá 
504 |a Bibliogr. 
650 0 7 |a nemčina  |2 SNKPH  |9 1384 
650 0 7 |a metodika  |2 SNKPH  |9 280023 
650 0 7 |a vyučovanie  |2 SNKPH  |9 1522 
650 0 7 |a didaktika  |2 SNKPH  |9 3484 
655 7 |a učebnice vysokých škôl  |2 SNKPH  |9 70191 
700 1 |a Marko, Ernest  |4 aut  |9 310377 
700 1 |a Slimáková, Alica  |4 aut  |9 377178 
700 1 |a Vaverková, Irena,  |d 1925-  |4 aut  |9 116803 
830 0 |a Vysokoškolské skriptá  |9 276440 
852 |a Slovenská národná knižnica 
958 |a OND 
958 |a NB 
999 |c 621213  |d 623143 
952 |t P60, <04>, [BOOK], {604}  |a SNK  |b SNK  |y VYP  |7 0  |p 17A0060547  |o snkSB 29753 D1  |i snkKSP 3092/80  |0 0  |1 0  |4 0  |d 1997-04-11  |l 0  |r 2004-12-31 00:00:00  |w 2026-02-23 
952 |a SNK  |b SNK  |y PREZ  |7 0  |p 17A0987293  |o snkSB 29753  |i snkKSP 3091/80  |0 0  |1 0  |4 0  |d 2012-07-30  |f 1  |l 0  |r 2025-04-02 00:00:00  |w 2026-02-23